Campo sur / (Record no. 112669)

MARC details
000 -LEADER
campo de control de longitud fija 00531nam a2200181 4500
001 - NÚMERO DE CONTROL
campo de control 112669
003 - IDENTIFICADOR DE NÚMERO DE CONTROL
campo de control ES-MaACL
005 - FECHA Y HORA DE LA ÚLTIMA TRANSACCIÓN
campo de control 20230906185606.0
007 - CAMPO FIJO DE DESCRIPCIÓN FÍSICA--INFORMACIÓN GENERAL
campo de control de longitud fija t|
008 - DATOS DE LONGITUD FIJA--INFORMACIÓN GENERAL
campo de control de longitud fija 061121s1980 sp r ||||1| spa d
100 1# - ENTRADA PRINCIPAL--NOMBRE DE PERSONA
Nombre de persona Murciano, Antonio.
9 (RLIN) 84555
245 10 - MENCIÓN DEL TÍTULO
Título Campo sur /
Mención de responsabilidad, etc. Antonio Murciano.
260 ## - PUBLICACIÓN, DISTRIBUCIÓN, ETC.
Lugar de publicación, distribución, etc. Sevilla :
Nombre del editor, distribuidor, etc. Caja Rural Provincial,
Fecha de publicación, distribución, etc. 1980.
300 ## - DESCRIPCIÓN FÍSICA
Extensión 110 p. :
Otras características físicas `Retr. aut.` ;
Dimensiones 20 cm.
500 ## - NOTA GENERAL
Nota general Premio Aljarafe de poesía 1979.
852 ## - LOCALIZACIÓN
Ubicación ES-MaACL
Número de control de estantería L-1543
Sublocalización o colección R.102257
852 ## - LOCALIZACIÓN
Ubicación ES-MaACL
Número de control de estantería L-1542
Sublocalización o colección R.102256
Holdings
Estatus retirado Estado de pérdida Estado de daño No para préstamo Biblioteca de origen Biblioteca actual Ubicación en estantería Fecha de adquisición Fuente de adquisición Total de préstamos Signatura topográfica completa Código de barras Visto por última vez Precio de reemplazo Tipo de ítem Koha
        Biblioteca del Ateneo de Madrid Biblioteca del Ateneo de Madrid Depósito 2 17/01/2008     L-1542 1117526 23/02/2023 23/02/2023 Libro impreso
        Biblioteca del Ateneo de Madrid Biblioteca del Ateneo de Madrid Depósito 2 17/01/2008     L-1543 1117525 23/02/2023 23/02/2023 Libro impreso